000 00312nam a22001337a 4500
008 210225b 6t ||||| |||| 00| 0 eng d
020 _a2900132831009
041 _aeng
080 _26th
_a330.101.541
100 _a52
101 _aMAKRO
245 _aFoundations of Macroeconomics
_cBade,R
942 _2udc
_cBK
999 _c55211
_d55211